Concepts of biology

The laboratories are coordinated with Concepts of Biology, a general biology text that covers all fields of biology. This manual may also be used in coordination with other texts and can be adapted to a variety of course orientations and designs. Thirteen laboratories have been singled out in the Ta...

Volledige beschrijving

Bewaard in:
Bibliografische gegevens
Hoofdauteur: Mader, Sylvia S.
Formaat: Boek
Taal:Undetermined
Gepubliceerd in: Dubuque, IA McGraw-Hill 2009
Onderwerpen:
Tags: Voeg label toe
Geen labels, Wees de eerste die dit record labelt!
Thư viện lưu trữ: Trung tâm Học liệu Trường Đại học Cần Thơ
LEADER 01009nam a2200205Ia 4500
001 CTU_180205
008 210402s9999 xx 000 0 und d
020 |c 79.99 
082 |a 570 
082 |b M181 
100 |a Mader, Sylvia S. 
245 0 |a Concepts of biology 
245 0 |c Sylvia S. Mader 
260 |a Dubuque, IA 
260 |b McGraw-Hill 
260 |c 2009 
520 |a The laboratories are coordinated with Concepts of Biology, a general biology text that covers all fields of biology. This manual may also be used in coordination with other texts and can be adapted to a variety of course orientations and designs. Thirteen laboratories have been singled out in the Table of Contents as especially appropriate for a single semester course. Then, too, many activitie may be performed as demonstrations, thereby shortening the time required to cover a particular concept 
650 |a Biology,Sinh học 
904 |i Kiều Trang 
980 |a Trung tâm Học liệu Trường Đại học Cần Thơ